000 01016nam a2200277zi 4500
003 OSt
005 20260530115314.0
008 260420b1995 sp |||| |||| 00| 0 spa d
020 _a9788449324192
035 _aMX001000713473
040 _aICI
_bspa
_cICI
_erda
050 _aBF408
_bG3718
100 1 _aGardner, Howard,
_e autor
240 1 0 _aCreating minds
_lEspañol
245 1 0 _aMentes creativas :
_buna anatomia de la creatividad vista a traves de las vidas de Sigmund Freud, Albert Einstein, Pablo Picasso, Igor Stravinsky, T.S. Eliot, Martha Graham, Mahatma Gandhi /
_cHoward Gardher ; tr. Jose Pedro Tosaus Abadia
300 _a554 paginas
336 _2rdacontent
_atexto
337 _2rdamedia
_asin medio
338 _2rdacarrier
_avolumen
490 0 _aPaidos testimonios
650 _aAptitud creadora
_xEstudios
_933224
650 _aPersonas superdotadas
_vBiografía
_933225
700 1 _aTosaus Abadía, José Pedro,
_etraductor
_933226
700 1 _a Gardner, Howard
942 _2lcc
_cBK
_n0
999 _c13482
_d13482